<?xml version="1.0" encoding="UTF-8"?>
<record
    xmlns:xsi="http://www.w3.org/2001/XMLSchema-instance"
    xsi:schemaLocation="http://www.loc.gov/MARC21/slim http://www.loc.gov/standards/marcxml/schema/MARC21slim.xsd"
    xmlns="http://www.loc.gov/MARC21/slim">

  <leader>01251nam2a22002531  4500</leader>
  <controlfield tag="001">rc\718661</controlfield>
  <controlfield tag="005">20250803040518.0</controlfield>
  <datafield tag="010" ind1=" " ind2=" ">
    <subfield code="a">5-88132-334-3</subfield>
    <subfield code="b">&#x41F;&#x43E;&#x43B;&#x44F;&#x440;&#x438;&#x441;</subfield>
    <subfield code="9">10000</subfield>
  </datafield>
  <datafield tag="035" ind1=" " ind2=" ">
    <subfield code="a">(NLR Aleph) 005962010</subfield>
  </datafield>
  <datafield tag="090" ind1=" " ind2=" ">
    <subfield code="a">6859371</subfield>
    <subfield code="c">6859371</subfield>
  </datafield>
  <datafield tag="100" ind1=" " ind2=" ">
    <subfield code="a">20031121d1997    |||y0rusy50      ca</subfield>
  </datafield>
  <datafield tag="101" ind1="0" ind2=" ">
    <subfield code="a">rus</subfield>
  </datafield>
  <datafield tag="102" ind1=" " ind2=" ">
    <subfield code="a">RU</subfield>
  </datafield>
  <datafield tag="105" ind1=" " ind2=" ">
    <subfield code="a">a   |||||||||</subfield>
  </datafield>
  <datafield tag="200" ind1="1" ind2=" ">
    <subfield code="a">&#x41F;&#x43E;&#x441;&#x43B;&#x435; &#x43F;&#x43E;&#x431;&#x435;&#x434;&#x44B;</subfield>
    <subfield code="e">[&#x420;&#x43E;&#x43C;&#x430;&#x43D;-&#x444;&#x44D;&#x43D;&#x442;&#x435;&#x437;&#x438;, &#x43D;&#x430;&#x43F;&#x438;&#x441;. &#x43F;&#x43E; &#x441;&#x446;&#x435;&#x43D;&#x430;&#x440;&#x438;&#x44E;, &#x43F;&#x43E;&#x434; &#x440;&#x443;&#x43A;. &#x438; &#x43F;&#x440;&#x438; &#x443;&#x447;&#x430;&#x441;&#x442;&#x438;&#x438; &#x420;. &#x416;&#x435;&#x43B;&#x44F;&#x437;&#x43D;&#x44B;</subfield>
    <subfield code="f">&#x41F;&#x435;&#x440;. &#x41D;. &#x418;&#x431;&#x440;&#x430;&#x433;&#x438;&#x43C;&#x43E;&#x432;&#x43E;&#x439;]</subfield>
  </datafield>
  <datafield tag="210" ind1=" " ind2=" ">
    <subfield code="c">&#x421;&#x435;&#x43A;&#x430;&#x447;&#x435;&#x432;</subfield>
    <subfield code="d">1997</subfield>
  </datafield>
  <datafield tag="215" ind1=" " ind2=" ">
    <subfield code="a">374, [1] &#x441;.</subfield>
    <subfield code="c">&#x438;&#x43B;.</subfield>
  </datafield>
  <datafield tag="327" ind1="0" ind2=" ">
    <subfield code="a">&#x412; &#x441;&#x43E;&#x434;&#x435;&#x440;&#x436;. &#x430;&#x432;&#x442;.: &#x420;. &#x416;&#x435;&#x43B;&#x44F;&#x437;&#x43D;&#x44B;, &#x41C;.&#x410;. &#x421;&#x442;&#x430;&#x43A;&#x43F;&#x43E;&#x43B;, &#x414;. &#x414;&#x440;&#x435;&#x439;&#x43A; &#x438; &#x434;&#x440;.</subfield>
  </datafield>
  <datafield tag="461" ind1=" " ind2="0">
    <subfield code="1">001rc\185077</subfield>
    <subfield code="1">2001#$a&#x41C;&#x438;&#x440;&#x44B; &#x420;&#x43E;&#x434;&#x436;&#x435;&#x440;&#x430; &#x416;&#x435;&#x43B;&#x44F;&#x437;&#x43D;&#x44B;$e[&#x421;&#x43E;&#x431;&#x440;. &#x444;&#x430;&#x43D;&#x442;&#x430;&#x441;&#x442;. &#x43F;&#x440;&#x43E;&#x438;&#x437;&#x432;&#x435;&#x434;&#x435;&#x43D;&#x438;&#x439;$e&#x41F;&#x435;&#x440;. &#x441; &#x430;&#x43D;&#x433;&#x43B;.]$v&#x422;. 29</subfield>
    <subfield code="1">700#1$a&#x416;&#x435;&#x43B;&#x44F;&#x437;&#x43D;&#x44B;$b&#x420;.$g&#x420;&#x43E;&#x434;&#x436;&#x435;&#x440;$f1937-1995</subfield>
    <subfield code="9">6477099</subfield>
    <subfield code="a">&#x416;&#x435;&#x43B;&#x44F;&#x437;&#x43D;&#x44B;, &#x420;. (1937-1995)</subfield>
    <subfield code="c">&#x41C;.</subfield>
    <subfield code="d">1995-</subfield>
    <subfield code="n">&#x41F;&#x43E;&#x43B;&#x44F;&#x440;&#x438;&#x441;</subfield>
    <subfield code="o">[&#x421;&#x43E;&#x431;&#x440;. &#x444;&#x430;&#x43D;&#x442;&#x430;&#x441;&#x442;. &#x43F;&#x440;&#x43E;&#x438;&#x437;&#x432;&#x435;&#x434;&#x435;&#x43D;&#x438;&#x439; : &#x41F;&#x435;&#x440;. &#x441; &#x430;&#x43D;&#x433;&#x43B;.]</subfield>
    <subfield code="t">&#x41C;&#x438;&#x440;&#x44B; &#x420;&#x43E;&#x434;&#x436;&#x435;&#x440;&#x430; &#x416;&#x435;&#x43B;&#x44F;&#x437;&#x43D;&#x44B;</subfield>
    <subfield code="v">&#x422;. 29</subfield>
  </datafield>
  <datafield tag="801" ind1=" " ind2="0">
    <subfield code="a">RU</subfield>
    <subfield code="b">NLR</subfield>
    <subfield code="g">psbo</subfield>
  </datafield>
  <datafield tag="801" ind1=" " ind2="1">
    <subfield code="a">RU</subfield>
    <subfield code="b">ELAR</subfield>
    <subfield code="2">rusmarc</subfield>
  </datafield>
  <datafield tag="852" ind1=" " ind2=" ">
    <subfield code="a">NLR</subfield>
    <subfield code="j">95-3/2234</subfield>
  </datafield>
  <datafield tag="942" ind1=" " ind2=" ">
    <subfield code="c">BOOK</subfield>
  </datafield>
  <datafield tag="980" ind1=" " ind2=" ">
    <subfield code="a">NB</subfield>
  </datafield>
  <datafield tag="995" ind1=" " ind2=" ">
    <subfield code="5">2013-10-26</subfield>
    <subfield code="b">NLR01</subfield>
    <subfield code="c">NLR01</subfield>
    <subfield code="e">RF8</subfield>
    <subfield code="f">5962010-10</subfield>
    <subfield code="k">95-3/2234</subfield>
    <subfield code="o">0</subfield>
    <subfield code="r">BOOK</subfield>
    <subfield code="s">9532234_</subfield>
  </datafield>
</record>
